000
00298nam a22001337a 4500
008
190204b xxu||||| |||| 00| 0 eng d
020
_a
9780803644007
041
_a
eng
080
_a
610.73
100
_a
2
101
_a
INF
245
_a
Nursing Health Assessment
_c
Dillon, P.M
942
_2
udc
_c
BK
999
_c
53926
_d
53926